000 00777nam a2200229Ia 4500
003 GCL
008 140319s9999 xx 000 0 ara d
040 _aGCL /
_cGCL
082 0 4 _a391.00553
_bب ل
100 1 _aبينوك، ا
245 1 0 _aاللباس والذينة فى العالم العربى دراسة موثقة بالصور مع 300 مرجع حول الموضوع /
_cبينوك، ا
700 1 _aن.، بوعجينة
700 1 _aج، بوحلفاية
300 _a78 ص
490 _aالهيئة العامة للاستعلامات
_v0
650 0 4 _aالعادات والتقاليد
650 0 4 _aالملابس
650 0 4 _aالموضة
650 0 4 _aالملابس - اختيار
650 0 4 _aارتداء الملابس
942 _2ddc
_cBK
999 _c51934
_d51934